| 000 | 00465nam a2200157Ia 4500 | ||
|---|---|---|---|
| 008 | 210716s2007 xx 000 0 und d | ||
| 020 | _a9780070659490 | ||
| 041 | _aeng | ||
| 082 | _a005.14 JONC | ||
| 100 | _aJones, Capers. | ||
| 245 |
_aEstimating software costs: bringing realism to estimating. _bBringing realism to estimating. |
||
| 250 | _a2 | ||
| 260 |
_aNew Delhi _bTata McGraw Hill Publishing Company Ltd _c2007 |
||
| 300 | _axxvii,653 | ||
| 650 | _aNone | ||
| 999 |
_c189086 _d189086 |
||